000 00821nam a2200277 4500
001 31260
003 BD-RjUL
005 20211209051658.0
008 140415s1970 nyu 000 0 eng
035 _a(BD-RjUL)31347
040 _aDLC
_cDLC
_dDLC
_dBD-RjUL
_beng
041 _aeng
082 0 0 _a200
_bVAT 1970
100 1 _aVail, Albert Ross,
_d1880-
_995128
245 1 0 _aTransforming light :
_bthe living heritage of world religions /
_cby Albert Vail and Emily McClellan Vail.
250 _a[1st ed.]
260 _aNew York :
_bHarper & Row,
_cc1970.
300 _axvii, 451 p. ;
_c24 cm.
350 _a12.50
650 0 _aReligions.
_995129
650 0 _aReligion.
_995130
700 1 _aVail, Emily McClellan,
_ejoint author.
_995131
942 _2ddc
_cBK
999 _c31260
_d31260